000
00267nam a2200109Ia 4500
008
220204s9999 xx 000 0 und d
082
_a
339.5
_b
MEY;1
100
_a
MEYER, F V
245
0
_a
International trade policy
260
_a
London
_b
Croom helm
_c
1978
942
_c
BK
999
_c
32330
_d
32330